Statistics for Country flags in a continent

Click here to take the quiz!

General Stats

  • This quiz has been taken 28 times
  • The average score is 56 of 60

Answer Stats

QuestionTileSelect% Correct
The countries that are in AsiaNo
100%
The countries that are in South AmericaNo
100%
Countries that are in EuropeYes
100%
The countries that are in North AmericaYes
100%
The countries that are in North AmericaNo
100%
The countries that are in AsiaNo
100%
Countries that are in EuropeYes
100%
The countries that are in North AmericaNo
100%
The countries that are in North AmericaYes
100%
The countries that are in North AmericaNo
100%
The countries that are in North AmericaNo
100%
The countries that are in South AmericaNo
100%
The countries that are in South AmericaNo
100%
The countries that are in South AmericaNo
100%
The countries that are in South AmericaNo
100%
Countries that are in EuropeYes
100%
The countries that are in South AmericaYes
100%
The countries that are in South AmericaNo
100%
The countries that are in AsiaNo
100%
The countries that are in AfricaNo
100%
The countries that are in AsiaYes
100%
The countries that are in AfricaYes
100%
The countries that are in AfricaNo
100%
Countries that are in EuropeYes
100%
Countries that are in EuropeYes
100%
The countries that are in AsiaYes
100%
The countries that are in AfricaYes
100%
The countries that are in AfricaNo
100%
The countries that are in AfricaYes
100%
The countries that are in South AmericaYes
100%
Countries that are in EuropeYes
100%
The countries that are in South AmericaNo
100%
The countries that are in AfricaNo
93%
The countries that are in AfricaYes
93%
Countries that are in EuropeYes
93%
Countries that are in EuropeNo
93%
Countries that are in EuropeYes
93%
Countries that are in EuropeYes
93%
The countries that are in North AmericaNo
93%
Countries that are in EuropeYes
93%
The countries that are in South AmericaYes
93%
The countries that are in AsiaYes
93%
The countries that are in AsiaNo
93%
The countries that are in South AmericaYes
93%
The countries that are in AfricaNo
93%
The countries that are in North AmericaNo
93%
The countries that are in North AmericaNo
93%
The countries that are in North AmericaNo
86%
The countries that are in North AmericaNo
86%
The countries that are in South AmericaYes
86%
The countries that are in AfricaYes
86%
The countries that are in AfricaYes
86%
The countries that are in North AmericaNo
86%
The countries that are in AsiaYes
86%
Countries that are in EuropeYes
79%
The countries that are in AsiaYes
79%
The countries that are in AsiaYes
71%
The countries that are in AsiaYes
64%
The countries that are in AfricaNo
64%
The countries that are in AsiaNo
21%

Score Distribution

Percentile by Number Answered

Percent of People with Each Score

Your Score History

You have not taken this quiz